Ser como ellos y otros artículos /
Guardado en:
| Autor Principal: | |
|---|---|
| Formato: | Libro |
| Publicado: |
Buenos Aires :
Siglo Xxi,
2015
|
| Series: | Biblioteca Eduardo Galeano
|
| Materias: | |
| Etiquetas: |
Agregar Etiqueta
Sin Etiquetas, Sea el primero en etiquetar este registro!
|
| LEADER | 00609nam a22001815a 4500 | ||
|---|---|---|---|
| 001 | CEM.cems018520 | ||
| 005 | 20160308130222.0 | ||
| 008 | 130507s2015##################000#0#####d | ||
| 003 | CEMS | ||
| 020 | |a 9789876295666 | ||
| 082 | 0 | 4 | |a U868.4 |
| 100 | 1 | |a Galeano, Eduardo | |
| 245 | 1 | 0 | |a Ser como ellos y otros artículos / |c Eduardo Galeano |
| 260 | |a Buenos Aires : |b Siglo Xxi, |c 2015 | ||
| 300 | |a 110 p. | ||
| 490 | 0 | |a Biblioteca Eduardo Galeano | |
| 653 | |a Literatura 2.literatura uruguaya 3.narrativa 4.narrativa uruguaya 5.ensayo 6.ensayo uruguayo | ||
| 859 | |a CEMS |b BIB. CEMS - Agricultura |h U868.4 |i G131-2 |p A2847.16 |t Ej.1 | ||
